Largest Cities and Villages of OHIO by First Letter - Statistics

General Stats
  • This quiz has been taken 158 times
    153 since last reset
  • The average score is 11 of 26
Answer Stats
Hint Population Answer % Correct
C 892,533 Columbus
100%
A 198,006 Akron
97%
D 140,640 Dayton
92%
T 274,975 Toledo
90%
Y 64,958 Youngstown
77%
X 26,783 Xenia
64%
Z 25,364 Zanesville
63%
P 78,751 Parma
54%
E 53,881 Elyria
47%
L 64,028 Lorain
47%
H 62,174 Hamilton
42%
S 59,282 Springfield
36%
K 55,103 Kettering
35%
Q 697 Quincy
30%
J 6,242 Jackson
28%
N 50,029 Newark
28%
F 42,613 Fairfield
25%
W 38,382 Warren
24%
U 35,522 Upper Arlington
16%
G 41,625 Grove City
14%
M 48,861 Marion
14%
B 47,391 Beavercreek
13%
I 10,635 Ironton
11%
R 38,278 Reynoldsburg
8%
V 15,045 Vandalia
8%
O 22,885 Oxford
7%
No matching quizzes found
Score Distribution
Percent of People with Each Score
Percentile by Number Answered
Your Score History
You have not taken this quiz since the last reset